COMERCIO Y MARKETING INTERNACIONAL (Registro nro. 68506)

Detalles MARC
000 -CABECERA
campo de control de longitud fija 00935nam a22002537a 4500
008 - DATOS DE LONGITUD FIJA--INFORMACIÓN GENERAL
campo de control de longitud fija 260131s2010 mx bd||gr|||| 001 0 spa d
020 ## - NÚMERO INTERNACIONAL ESTÁNDAR DEL LIBRO
Número Internacional Estándar del Libro 978-607-481-321-0
040 ## - FUENTE DE LA CATALOGACIÓN
Lengua de catalogación spa
041 ## - CÓDIGO DE LENGUA
Código de lengua del texto/banda sonora o título independiente spa
Código de lengua original SPA
082 04 - NÚMERO DE LA CLASIFICACIÓN DECIMAL DEWEY
Número de edición 658.848 / L47
100 ## - ENTRADA PRINCIPAL--NOMBRE DE PERSONA
Nombre de persona LERMA KIRCHNER, ALEJANDRO EUGENIO Y ENRIQUE MÁRQUES CASTRO
Término indicativo de función/relación ESCRITORES
245 ## - MENCIÓN DE TÍTULO
Título COMERCIO Y MARKETING INTERNACIONAL
Mención de responsabilidad, etc. Cengage Learning Editores, S. A. de C. V.
250 ## - MENCIÓN DE EDICIÓN
Mención de edición CUARTA EDICIÓN
260 ## - PUBLICACIÓN, DISTRIBUCIÓN, ETC.
Lugar de publicación, distribución, etc. calle Avena No. 201 Col. Granjas México, CP. 08400, México D.F., Mexico
Nombre del editor, distribuidor, etc. Javier Reyes Martínez
Fecha de publicación, distribución, etc. 2010
300 ## - DESCRIPCIÓN FÍSICA
Extensión 649 PAGINAS
Dimensiones 18.9 CM x 24.4 CM
336 ## - TIPO DE CONTENIDO
Fuente rdacontent
Término de tipo de contenido texto
Código de tipo de contenido txt
337 ## - TIPO DE MEDIO
Fuente rdamedia
Nombre/término del tipo de medio sin mediación
Código del tipo de medio n
338 ## - TIPO DE SOPORTE
Fuente rdacarrier
Nombre/término del tipo de soporte volumen
Código del tipo de soporte nc
505 ## - NOTA DE CONTENIDO CON FORMATO
Nota de contenido con formato Este libro trata de las estrategias
650 ## - PUNTO DE ACCESO ADICIONAL DE MATERIA--TÉRMINO DE MATERIA
Fuente del encabezamiento o término TECNOLOGÍA (CIENCIAS APLICADAS)
650 ## - PUNTO DE ACCESO ADICIONAL DE MATERIA--TÉRMINO DE MATERIA
Fuente del encabezamiento o término GERENCIA Y SERVICIOS AUXILIARES
650 ## - PUNTO DE ACCESO ADICIONAL DE MATERIA--TÉRMINO DE MATERIA
Fuente del encabezamiento o término GERENCIA GENERAL
942 ## - ELEMENTOS DE PUNTO DE ACCESO ADICIONAL (KOHA)
Fuente del sistema de clasificación o colocación Dewey Decimal Classification
Tipo de ítem Koha General jóvenes y Adultos
Existencias
Estado de retiro Estado de pérdida Fuente del sistema de clasificación o colocación Estado dañado No para préstamo Código de colección Localización permanente Ubicación/localización actual Ubicación en estantería Fecha de adquisición Fuente de adquisición Total de préstamos Fecha visto por última vez Número de copia Precio válido a partir de Tipo de ítem Koha
    Dewey Decimal Classification   Préstamo en Sala Colección General BFC BIBLIOTECA PÚBLICA CENTRAL ESTATAL “FRANCISCO CERVANTES” BIBLIOTECA PÚBLICA CENTRAL ESTATAL “FRANCISCO CERVANTES” ACCESO "B" PLANTA BAJA 01/31/2026 DONACION   01/31/2026 EJ. 1 01/31/2026 General jóvenes y Adultos